[Event "AUTO-OPEN-952 - Round 1"]
[Site "http://www.queenalice.com/game.php?id=328379"]
[Date "2007.12.30"]
[Round "-"]
[White "Markus1234567"]
[Black "mrosan"]
[Result "1-0"]
[WhiteElo "2002"]
[BlackElo "1326"]

1. e4 c6 2. Bc4 d6 3. d4 Nf6 4. Nc3 e5 5. Nf3 Ng4 6. Ng5 exd4 7. Bxf7+ Ke7 8.
Be6 Bxe6 9. Nxe6 Kxe6 10. Qxg4+ Kf7 11. Qf5+ Qf6 12. Ne2 Qxf5 13. exf5 Na6 14.
Nxd4 Re8+ 15. Be3 Nb4 16. c3 Nd3+ 17. Ke2 Ne5 18. Rhe1 Ng4 19. h3 Nh2 20. Ne6 d5
21. Bf4 h5 22. Bxh2 h4 23. Kf1 Rh5 24. Nxf8 Rxf8 25. Bd6 Rxf5 26. Bxf8 Kxf8 27.
Re6 c5 28. Rae1 Kf7 29. Re7+ Kf6 30. R1e6+ Kg5 31. Rxg7+ Kf4 32. Rg4# 1-0

[Event "AUTO-OPEN-952 - Round 1"]
[Site "http://www.queenalice.com/game.php?id=328380"]
[Date "2007.12.30"]
[Round "-"]
[White "mrosan"]
[Black "Markus1234567"]
[Result "0-1"]
[WhiteElo "1296"]
[BlackElo "1992"]

1. f3 e5 2. Nc3 d5 3. e4 d4 4. Nd5 c6 5. Nb4 Bxb4 6. c3 dxc3 7. bxc3 Bc5 8. a3
Bxg1 9. Rxg1 Qh4+ 10. g3 Qxh2 11. Rg2 Qh5 12. Qb3 Qxf3 13. d4 Be6 14. Qxb7 Qxc3+
15. Bd2 Qxa1+ 16. Ke2 Bc4+ 17. Kf2 Qxf1+ 18. Ke3 Qd3+ 19. Kf2 Nf6 20. Qxa8 Nxe4+
21. Kg1 Qxd4+ 22. Kh2 O-O 23. Bb4 Rd8 24. Be7 Re8 25. Bh4 Bd5 26. a4 g5 27. Bxg5
Nxg5 28. a5 Bxg2 29. Kxg2 Qd2+ 30. Kg1 Nh3+ 31. Kh1 Nf2+ 32. Kg2 Ng4+ 33. Kh3 f5
34. Qxa7 Qh2# 0-1

[Event "AUTO-OPEN-952 - Round 1"]
[Site "http://www.queenalice.com/game.php?id=328397"]
[Date "2007.12.30"]
[Round "-"]
[White "mrosan"]
[Black "jaque_mate_remate"]
[Result "0-1"]
[WhiteElo "1334"]
[BlackElo "1740"]

1. f3 d5 2. Nc3 Nf6 3. g4 e6 4. Bh3 Bc5 5. a4 a6 6. d3 O-O 7. Rb1 Nc6 8. f4 Re8
9. f5 exf5 10. gxf5 Bxg1 11. Rxg1 Kh8 12. Qd2 Rg8 13. b3 Qd6 14. Rg2 Nd4 15. e3
Nxf5 16. e4 Nd4 17. Bxc8 Raxc8 18. Rg5 Nf3+ 19. Ke2 Nxd2 20. Kxd2 Qxh2+ 21. Ne2
dxe4 22. dxe4 Nxe4+ 23. Ke3 Nxg5 24. Ba3 Rge8+ 25. Kd2 Qxe2+ 26. Kc3 Qe5+ 27.
Kd2 Qe3+ 28. Kd1 Qe1# 0-1

[Event "AUTO-OPEN-952 - Round 1"]
[Site "http://www.queenalice.com/game.php?id=328398"]
[Date "2007.12.30"]
[Round "-"]
[White "jaque_mate_remate"]
[Black "mrosan"]
[Result "1-0"]
[WhiteElo "1740"]
[BlackElo "1305"]

1. d4 c6 2. Bf4 Na6 3. e4 d6 4. e5 dxe5 5. Bxe5 f6 6. Bg3 e6 7. Bxa6 bxa6 8. Nf3
Bb4+ 9. c3 Ba5 10. Nbd2 Nh6 11. O-O Ng4 12. Nh4 e5 13. dxe5 fxe5 14. Re1 Qb6 15.
Re2 Qc5 16. b4 Bxb4 17. cxb4 Qxb4 18. Re4 Qc5 19. Qe2 Nf6 20. Rxe5+ Kd8 21. Rxc5
Re8 22. Qd3+ Nd7 23. Rxc6 Rb8 24. Bc7+ Ke7 25. Re1+ Kf8 26. Rxe8+ Kxe8 27. Qe4+
Kf8 28. Qf5+ Nf6 29. Bd6+ Kg8 30. Rxc8+ Kf7 31. Rc7+ Ke8 32. Qe6+ Kd8 33. Qe7#
1-0

[Event "Let's Play Chess!"]
[Site "http://www.queenalice.com/game.php?id=333314"]
[Date "2008.1.9"]
[Round "-"]
[White "mrosan"]
[Black "PROFALEXANDRE"]
[Result "0-1"]
[WhiteElo "1254"]
[BlackElo "1470"]

1. f3 e5 2. d3 Nc6 3. c3 h6 4. a3 Nf6 5. g3 Bc5 6. a4 O-O 7. f4 exf4 8. Bxf4 Ne7
9. d4 Bb6 10. e3 d6 11. Ne2 Bg4 12. Ra3 Ned5 13. h3 Bf3 14. Rg1 Nxe3 15. h4 Nxd1
16. Kxd1 Ne4 17. h5 Bxh5 18. Bh3 Nf2+ 19. Ke1 Nxh3 20. Rg2 Re8 21. Nd2 Rxe2+ 22.
Rxe2 Bxe2 0-1

[Event "Let's Play Chess!"]
[Site "http://www.queenalice.com/game.php?id=334440"]
[Date "2008.1.10"]
[Round "-"]
[White "tche_elvio"]
[Black "mrosan"]
[Result "0-1"]
[WhiteElo "1436"]
[BlackElo "1281"]

1. e4 d6 2. Bc4 Nf6 3. Nc3 Nc6 4. e5 Nxe5 5. Be2 Neg4 6. Nh3 Nh5 7. Bxg4 Bxg4 8.
Qxg4 Nf6 9. O-O Nxg4 10. d4 h6 11. Ne4 c5 12. dxc5 dxc5 13. Nxc5 e6 14. Nxb7 Qb6
15. Nd6+ Qxd6 16. Be3 Qxh2# 0-1

[Event "Challenge"]
[Site "http://www.queenalice.com/game.php?id=334610"]
[Date "2008.1.11"]
[Round "-"]
[White "mrosan"]
[Black "valeriafsouza"]
[Result "0-1"]
[WhiteElo "1326"]
[BlackElo "1500"]

1. f4 d5 2. e3 e6 3. c3 Nf6 4. Bb5+ Bd7 5. Ba4 Bd6 6. Nh3 O-O 7. a3 a6 8. Qb3 b5
9. Bxb5 axb5 10. Ng5 h6 11. Nf3 c5 12. d4 c4 13. Qc2 Ne4 14. Ne5 Qh4+ 15. g3
Nxg3 16. Rg1 Ne4+ 17. Ke2 Qf2+ 18. Kd1 Qxg1+ 19. Ke2 Qxh2+ 20. Kf1 Qxc2 21. Bd2
Qxb2 22. Be1 Qxa1 23. Nf3 Qxb1 24. Nh4 Nxc3 25. f5 Bg3 26. Ng2 Bxe1 27. Nxe1
Qxf5+ 28. Kg1 Ne2+ 29. Kg2 e5 30. Nc2 Qxc2 31. a4 Nxd4+ 32. Kg3 Nf5+ 33. Kg4
Nxe3+ 34. Kh5 Qh2# 0-1

[Event "Challenge"]
[Site "http://www.queenalice.com/game.php?id=340103"]
[Date "2008.1.21"]
[Round "-"]
[White "mrosan"]
[Black "tche_elvio"]
[Result "0-1"]
[WhiteElo "1250"]
[BlackElo "1550"]

1. f4 c5 2. c3 Nc6 3. e4 d5 4. exd5 Qxd5 5. Nf3 e5 6. Na3 Qe4+ 7. Be2 Qxf4 8.
Rf1 Be7 9. g3 Qf6 10. Nb5 Bd6 11. b4 a6 12. a4 axb5 13. Bxb5 Bd7 14. a5 Nge7 15.
a6 cxb4 16. Qa4 bxc3 17. dxc3 Nd5 18. Bg5 Nxc3 19. Bxf6 Nxa4 20. Bxg7 Bb4+ 21.
Nd2 Rg8 22. Bxa4 Rxg7 23. Rc1 Rxa6 24. Bb5 Bxd2+ 25. Kxd2 Ra2+ 26. Kd1 Rxh2 27.
Rc3 Ke7 28. Rff3 e4 29. Rfe3 Rg5 30. Rxe4+ Re5 31. Rxe5+ Nxe5 32. Rc7 h5 33.
Rxb7 Rb2 34. g4 hxg4 35. Ke1 g3 36. Rxd7+ Nxd7 37. Bc4 Ne5 38. Bd5 Nd3+ 0-1

[Event "AUTO-INT-772"]
[Site "http://www.queenalice.com/game.php?id=345282"]
[Date "2008.1.30"]
[Round "1"]
[White "mrosan"]
[Black "coffeesean"]
[Result "0-1"]
[WhiteElo "1268"]
[BlackElo "1480"]

1. f3 g5 2. Nc3 c6 3. e3 f6 4. Qe2 a6 5. Na4 Nh6 6. Qd3 b5 7. Nc5 e5 8. Ne4 g4
9. fxg4 d5 10. Nc3 Bc5 11. Nf3 e4 12. Nxe4 dxe4 13. Qxe4+ Kd7 14. Bd3 Kc7 15.
Rf1 Re8 16. Qxh7+ Re7 17. Qxh6 Bxg4 18. Qxf6 a5 19. h3 Bh5 20. b3 a4 21. bxa4
Rxa4 22. Ne5 Ra6 23. Nxc6 Rxc6 24. Qf4+ Bd6 25. Qg5 Be5 26. Ba3 Rf7 27. Qxh5
Rxf1+ 28. Bxf1 Bxa1 29. g4 Rxc2 30. Qf7+ Kb6 31. Qf5 Qxd2# 0-1

[Event "AUTO-INT-772"]
[Site "http://www.queenalice.com/game.php?id=345283"]
[Date "2008.1.30"]
[Round "1"]
[White "coffeesean"]
[Black "mrosan"]
[Result "1-0"]
[WhiteElo "1480"]
[BlackElo "1277"]

1. e4 d6 2. b4 e6 3. d4 Nc6 4. a3 Nf6 5. Bd3 Nxd4 6. Nf3 Nxf3+ 7. Qxf3 d5 8. e5
Nd7 9. Bf4 Nxe5 10. Bxe5 f6 11. Bd4 f5 12. b5 a6 13. Qh5+ g6 14. Qh3 axb5 15.
Bxb5+ c6 16. Ba4 Rg8 17. Qxh7 Qa5+ 18. Nc3 Rg7 19. Bxg7 Bxg7 20. Qxg7 d4 21.
Qxd4 b5 22. Bb3 b4 23. Qh8+ Kd7 24. Rd1+ Kc7 25. Qg7+ Kb6 26. Na4+ Ka6 27. Bc4+
Qb5 28. Bxb5+ cxb5 29. Nc5+ Kb6 30. axb4 Ra3 31. Rd6# 1-0

[Event "AUTO-INT-772"]
[Site "http://www.queenalice.com/game.php?id=345284"]
[Date "2008.1.30"]
[Round "1"]
[White "mrosan"]
[Black "demonsword"]
[Result "0-1"]
[WhiteElo "1260"]
[BlackElo "1628"]

1. f3 e5 2. c3 d5 3. e3 c6 4. Nh3 Bd6 5. b4 c5 6. Bb5+ Bd7 7. Bd3 cxb4 8. cxb4
Bxb4 9. a3 Bd6 10. Qb3 Nf6 11. Ng5 Nc6 12. Qxb7 Na5 13. Qb2 O-O 14. Qc2 Rc8 15.
Bxh7+ Nxh7 16. Nxh7 g6 17. Nxf8 Rxc2 18. Nc3 Bxf8 19. Nxd5 Nb3 20. Rb1 Nxc1 21.
Kd1 Ba4 22. f4 Rc5+ 23. Ke1 Qxd5 24. Rb8 exf4 25. Rf1 fxe3 26. dxe3 Nd3+ 27. Ke2
Rc2+ 28. Kd1 Nf2+ 29. Ke1 Qd2# 0-1

[Event "AUTO-INT-772"]
[Site "http://www.queenalice.com/game.php?id=345285"]
[Date "2008.1.30"]
[Round "1"]
[White "demonsword"]
[Black "mrosan"]
[Result "1-0"]
[WhiteElo "1631"]
[BlackElo "1279"]

1. e4 d6 2. d4 g5 3. Bxg5 f6 4. Qh5+ Kd7 5. Bf4 h6 6. e5 fxe5 7. dxe5 dxe5 8.
Qxe5 Rh7 9. Qd5+ Ke8 10. Qxg8 Be6 11. Qxh7 Nc6 12. Nd2 Nb4 13. O-O-O Qd5 14. Bc4
Qxc4 15. Nxc4 Nxa2+ 16. Kb1 Bxc4 17. Qg6+ Bf7 18. Qe4 a5 19. Qa4+ c6 20. Qd4 b5
21. Qd7# 1-0

[Event "AUTO-INT-772"]
[Site "http://www.queenalice.com/game.php?id=345286"]
[Date "2008.1.30"]
[Round "1"]
[White "mrosan"]
[Black "zemaria"]
[Result "0-1"]
[WhiteElo "1334"]
[BlackElo "1658"]

1. f4 d5 2. c3 Nc6 3. Nh3 h6 4. e3 Bf5 5. Na3 a6 6. b4 Qd7 7. b5 Nb8 8. bxa6
bxa6 9. Be2 e6 10. Rb1 Bxb1 11. c4 Be4 12. O-O Be7 13. cxd5 Qxd5 14. Qa4+ Nd7
15. Bxa6 Bxg2 16. Qd1 Bxh3 17. Nb5 Qg2# 0-1

[Event "AUTO-INT-772"]
[Site "http://www.queenalice.com/game.php?id=345287"]
[Date "2008.1.30"]
[Round "1"]
[White "zemaria"]
[Black "mrosan"]
[Result "1-0"]
[WhiteElo "1584"]
[BlackElo "1305"]

1. e4 c6 2. d4 Qa5+ 3. Bd2 Qa4 4. Bc3 Na6 5. b3 Qb5 6. Bxb5 cxb5 7. Nf3 g5 8.
Nxg5 f6 9. Nf3 b4 10. Bb2 Nh6 11. h3 e5 12. dxe5 Nc5 13. Qd5 a5 14. exf6 Na6 15.
Ng5 Bc5 16. f7+ Nxf7 17. Qxf7+ Kd8 18. Bxh8 h6 19. Qg8+ Kc7 20. Be5+ d6 21. Ne6+
Bxe6 22. Qxa8 dxe5 23. Qh8 Bd4 24. Qg7+ Bd7 25. c3 bxc3 26. Na3 Nb4 27. Ke2 c2
28. Nb5+ Kb6 29. Nxd4 Kc5 30. Qxe5+ Kb6 31. Qd6+ Ka7 32. Qxd7 Na6 33. Nb5+ Kb6
34. Nd4 c1=Q 35. Rhxc1 Nb4 36. Qd6+ Ka7 37. Nb5+ Ka8 38. Qd8# 1-0

[Event "O retorno..."]
[Site "http://www.queenalice.com/game.php?id=349061"]
[Date "2008.2.5"]
[Round "-"]
[White "valeriafsouza"]
[Black "mrosan"]
[Result "1-0"]
[WhiteElo "1805"]
[BlackElo "1250"]

1. d4 e6 2. c4 Bb4+ 3. Bd2 Bd6 4. Nc3 f5 5. Nb5 b6 6. Nxd6+ cxd6 7. Nf3 Nf6 8.
Bb4 Qe7 9. e3 Ng4 10. Bd3 h5 11. Qc2 h4 12. h3 Qg5 13. Nxg5 Bb7 14. O-O Rh5 15.
Nxe6 dxe6 16. hxg4 Rg5 17. Bxd6 fxg4 18. Be4 Nc6 19. Qa4 g3 20. Bxc6+ Bxc6 21.
Qxc6+ Kf7 22. Qxa8 a5 23. Qf8+ Kg6 24. Qe8+ Kf5 25. Qf7+ Kg4 26. f3# 1-0

[Event "Challenge"]
[Site "http://www.queenalice.com/game.php?id=351914"]
[Date "2008.2.10"]
[Round "-"]
[White "mrosan"]
[Black "Gera"]
[Result "0-1"]
[WhiteElo "1244"]
[BlackElo "1827"]

1. c3 g6 2. Nf3 Bg7 3. e3 d5 4. Ne5 Bxe5 5. Qa4+ Nc6 6. Bb5 Bd7 7. h4 e6 8. O-O
a6 9. Bd3 Bf6 10. b4 Bxh4 11. g3 Qg5 12. b5 Bxg3 13. fxg3 Qxg3+ 14. Kh1 Ne5 15.
Qf4 Qxf4 16. Rxf4 Nxd3 17. Rf1 Bxb5 18. Ba3 Nh6 19. Bb4 c5 20. Ba5 O-O 0-1

[Event "Challenge"]
[Site "http://www.queenalice.com/game.php?id=351915"]
[Date "2008.2.10"]
[Round "-"]
[White "mrosan"]
[Black "Gera"]
[Result "0-1"]
[WhiteElo "1244"]
[BlackElo "1844"]

1. h4 g6 2. c4 Bg7 3. a4 Nc6 4. g4 d6 5. Nc3 Bxg4 6. f3 Bd7 7. Nb5 e5 8. Qb3
Nge7 9. e4 a6 10. Nxc7+ Qxc7 11. Ra3 O-O 12. Ne2 Be6 13. Nc3 Nd4 14. Qb4 Nc2+
15. Kd1 Nxb4 16. Rb3 Bxc4 17. Bxc4 Qxc4 18. Ra3 Nec6 19. a5 Nd4 20. Rh3 Qf1# 0-1

[Event "Challenge"]
[Site "http://www.queenalice.com/game.php?id=354516"]
[Date "2008.2.14"]
[Round "-"]
[White "mrosan"]
[Black "tche_elvio"]
[Result "1-0"]
[WhiteElo "1244"]
[BlackElo "1539"]

1. g3 e6 2. h4 b6 3. e4 Bb7 4. Bh3 Bxe4 5. f3 Bb7 6. d4 Bd6 7. Nc3 Bxg3+ 8. Kf1
Bc6 9. Ne4 Bxe4 10. fxe4 Qf6+ 11. Nf3 Qxf3+ 12. Qxf3 1-0

[Event "Third time"]
[Site "http://www.queenalice.com/game.php?id=356589"]
[Date "2008.2.18"]
[Round "-"]
[White "mrosan"]
[Black "valeriafsouza"]
[Result "0-1"]
[WhiteElo "1254"]
[BlackElo "1908"]

1. g3 d5 2. e3 Nf6 3. c3 c5 4. Qa4+ Nc6 5. Bb5 Bd7 6. b4 cxb4 7. cxb4 e6 8. Nf3
Nxb4 9. Nd4 e5 10. Bxd7+ Qxd7 11. Qxd7+ Nxd7 12. Nf5 Nc2+ 13. Kd1 Nxa1 14. Nc3
g6 15. Nh4 Nb6 16. Bb2 Be7 17. Bxa1 Bxh4 18. gxh4 f6 19. Nb5 Kd7 0-1

[Event "Challenge"]
[Site "http://www.queenalice.com/game.php?id=358131"]
[Date "2008.2.20"]
[Round "-"]
[White "mrosan"]
[Black "tche_elvio"]
[Result "0-1"]
[WhiteElo "1258"]
[BlackElo "1543"]

1. h4 d5 2. c3 e5 3. e3 a6 4. Qa4+ Bd7 5. Qb4 Bxb4 6. cxb4 Nf6 7. a3 d4 8. exd4
exd4 9. b3 Qe7+ 10. Be2 O-O 11. a4 Re8 12. b5 d3 13. Nh3 Qxe2# 0-1